000 00725nam a2200241Ia 4500
003 OSt
005 20220918183658.0
006 a|||||r|||| 00| 0
007 ta
008 220917b |||||||| |||| 00| 0 eng d
024 _a39,644
037 _cTextual
040 _aARTS
_cARTS
_beng
041 _2eng
_aeng
082 _aO15:9xL00:1, F1
100 _aBhattacarya Chiranjiva
_963338
245 0 _aKavya vilasa ed with introd by Batuk Nath Sharma and Jagan Nath Sastri
260 _c1921
490 _aPrincess of wales saraswati bhavan texts ed by Gopinath kaviraja; 16
650 _aENGLISH LITERATURE
942 _hO15:9xL00:1, F1
_cTEXL
_2CC
999 _c173429
_d173429